000 01062 a2200265 4500
003 Nust
005 20170207154010.0
010 _a 99086737
020 _a0471017507 (cl. : acid-free paper)
040 _cNust
082 0 0 _a621.381/31
100 1 _aNguyen, Cam.
245 0 0 _aAnalysis methods for RF, microwave, and millimeter-wave planar transmission line structures-(E-BOOK)
_cCam Nguyen.
260 _aNew York :
_bWiley,
_cc2000.
300 _axii, 240 p. :
_bill. ;
_c25 cm.
440 0 _aWiley series in microwave and optical engineering
500 _a"A Wiley-Interscience publication."
650 0 _aElectric circuit analysis.
650 0 _aMicrowave integrated circuits.
650 0 _aMicrowave transmission lines.
650 0 _aStrip transmission lines.
856 4 2 _3Contributor biographical information
_uhttp://www.loc.gov/catdir/bios/wiley043/99086737.html
856 4 2 _3Publisher description
_uhttp://www.loc.gov/catdir/description/wiley035/99086737.html
856 4 2 _3Table of Contents
_uhttp://www.loc.gov/catdir/toc/onix06/99086737.html
942 _2ddc
_cBK
999 _c191182
_d191182